[Event "BCF-chT1b 1516 (4NCL)"]
[Site "England"]
[Date "2016.01.23"]
[Round "3.162"]
[White "Batchelor, Peter"]
[Black "McNab, Colin Anderson"]
[Result "1/2-1/2"]
[WhiteElo "2311"]
[BlackElo "2439"]
[PlyCount "163"]
[EventDate "2015.11.14"]
[EventType "team-swiss"]
[EventRounds "11"]
[EventCountry "ENG"]
[SourceTitle "CBM 170 Extra"]
[Source "ChessBase"]
[SourceDate "2016.02.25"]
[SourceVersion "1"]
[SourceVersionDate "2016.02.25"]
[SourceQuality "1"]
[WhiteTeam "Grantham Sharks"]
[BlackTeam "White Rose"]
[WhiteTeamCountry "ENG"]
[BlackTeamCountry "ENG"]

1. d4 d6 2. Nf3 g6 3. c4 Bg7 4. Nc3 Nd7 5. g3 e5 6. Bg2 Ne7 7. 0-0 0-0 8. e4 exd4 9. Nxd4 Nc6 10. Nde2 Re8 11. Be3 a6 12. Rc1 Rb8 13. Qc2 Nde5 14. Nd5 f5 15. h4 h6 16. Rfd1 Ng4 17. c5 Nxe3 18. Nxe3 Qf6 19. cxd6 cxd6 20. Nf4 Kh7 21. exf5 gxf5 22. Nh5 Qe6 23. Nxg7 Kxg7 24. Qc3+ Qe5 25. Rxd6 Qxc3 26. Rxc3 f4 27. gxf4 Re6 28. Rxe6 Bxe6 29. Bxc6 bxc6 30. Rxc6 Bxa2 31. Rxa6 Rxb2 32. Kg2 Bb1 33. Kg3 Rb4 34. Ra7+ Kg8 35. Kg4 Bg6 36. Nd5 Rb5 37. Ne7+ Kf7 38. f5 Bh7 39. Nd5+ Kf8 40. Rxh7 Rxd5 41. Rxh6 Rd2 42. f3 Rg2+ 43. Kf4 Kf7 44. Rh7+ Kf6 45. h5 Rh2 46. Rh6+ Kf7 47. Kg4 Rg2+ 48. Kh3 Rg5 49. f6 Rg1 50. Rg6 Ra1 51. Kg4 Ke6 52. f4 Rb1 53. Kg5 Rb5+ 54. Kh6 Kf7 55. Rg5 Rb8 56. Rf5 Rh8+ 57. Kg5 Rg8+ 58. Kh4 Rg1 59. Kh3 Rh1+ 60. Kg2 Rh4 61. Kg1 Rh3 62. Kf1 Rh2 63. Kg1 Rh3 64. Kf2 Rh2+ 65. Kf3 Rh1 66. Kg4 Rg1+ 67. Kh4 Rh1+ 68. Kg5 Rg1+ 69. Kh6 Rg8 70. Kh7 Rg4 71. h6 Rg6 72. Ra5 Rxf6 73. Ra7+ Kf8 74. f5 Rb6 75. Rg7 Rf6 76. Rg8+ Kf7 77. Ra8 Rb6 78. Ra5 Rc6 79. Re5 Rf6 80. Rc5 Ra6 81. Rd5 Rb6 82. Re5 1/2-1/2

[Event "BCF-chT1b 1516 (4NCL)"]
[Site "England"]
[Date "2015.11.14"]
[Round "1.161"]
[White "Gormally, Daniel"]
[Black "McNab, Colin Anderson"]
[Result "1-0"]
[WhiteElo "2504"]
[BlackElo "2439"]
[PlyCount "77"]
[EventDate "2015.11.14"]
[EventType "team-swiss"]
[EventRounds "11"]
[EventCountry "ENG"]
[SourceTitle "CBM 169 Extra"]
[Source "ChessBase"]
[SourceDate "2015.12.18"]
[SourceVersion "1"]
[SourceVersionDate "2015.12.18"]
[SourceQuality "1"]
[WhiteTeam "Blackthorne Russia"]
[BlackTeam "White Rose"]
[WhiteTeamCountry "ENG"]
[BlackTeamCountry "ENG"]

1. e4 g6 2. d4 Bg7 3. Nc3 d6 4. Be3 Nf6 5. Nf3 c6 6. h3 0-0 7. Bd3 Nbd7 8. 0-0 e5 9. Qd2 Qe7 10. Rfe1 b5 11. dxe5 Nxe5 12. Nxe5 dxe5 13. a4 b4 14. Ne2 Rd8 15. Ng3 Be6 16. a5 Ne8 17. Qe2 Bf8 18. Nf1 Nc7 19. Nd2 f6 20. f4 exf4 21. Bxf4 Nb5 22. e5 f5 23. Qf2 Nd4 24. Be3 c5 25. Nc4 Qf7 26. Nd6 Bxd6 27. exd6 Rxd6 28. Bf4 Rd7 29. Rad1 Bd5 30. c3 bxc3 31. bxc3 Ne6 32. Bb5 Rdd8 33. Bh6 Rab8 34. Qh4 g5 35. Qg3 Rxb5 36. Rxe6 g4 37. Qh4 Rd7 38. Qg5+ Kh8 39. Rf6 1-0

[Event "SCO-ch 122nd"]
[Site "Edinburgh"]
[Date "2015.07.15"]
[Round "5"]
[White "Green, Andrew"]
[Black "McNab, Colin Anderson"]
[Result "0-1"]
[WhiteElo "2173"]
[BlackElo "2443"]
[PlyCount "88"]
[EventDate "2015.07.11"]
[EventType "swiss"]
[EventRounds "9"]
[EventCountry "SCO"]
[SourceTitle "CBM 167 Extra"]
[Source "ChessBase"]
[SourceDate "2015.09.14"]
[SourceVersion "1"]
[SourceVersionDate "2015.09.14"]
[SourceQuality "1"]

1. d4 g6 2. e4 Bg7 3. Nc3 d6 4. Be3 Nf6 5. Qd2 0-0 6. Nf3 c6 7. Bh6 Qa5 8. Bxg7 Kxg7 9. Be2 Bg4 10. 0-0 Nbd7 11. a4 e5 12. dxe5 dxe5 13. Rfb1 Qb4 14. Qe3 a5 15. b3 Bxf3 16. Bxf3 Rfd8 17. Rd1 Qc5 18. Qxc5 Nxc5 19. h4 Rd4 20. Rxd4 exd4 21. Ne2 d3 22. cxd3 Nxd3 23. Nc3 Nc5 24. e5 Nfd7 25. Re1 Re8 26. e6 Rxe6 27. Rxe6 fxe6 28. Bd1 Nf6 29. f3 Nd5 30. Nxd5 cxd5 31. f4 Kf6 32. Kf2 e5 33. fxe5+ Kxe5 34. Ke3 h6 35. g3 b6 36. Bc2 Ne4 37. g4 g5 38. hxg5 hxg5 39. Bd1 d4+ 40. Kf3 Nc5 41. Ke2 Kf4 42. Kd2 Ke4 43. Ke2 d3+ 44. Kd2 Kd4 0-1

[Event "SCO-ch 122nd"]
[Site "Edinburgh"]
[Date "2015.07.12"]
[Round "2"]
[White "McNab, Colin Anderson"]
[Black "Thorarinsson, Pall A"]
[Result "1-0"]
[WhiteElo "2443"]
[BlackElo "2208"]
[PlyCount "63"]
[EventDate "2015.07.11"]
[EventType "swiss"]
[EventRounds "9"]
[EventCountry "SCO"]
[SourceTitle "CBM 167 Extra"]
[Source "ChessBase"]
[SourceDate "2015.09.14"]
[SourceVersion "1"]
[SourceVersionDate "2015.09.14"]
[SourceQuality "1"]

1. c4 c5 2. g3 g6 3. Bg2 Bg7 4. Nc3 Nc6 5. d3 d6 6. a3 Bd7 7. Bd2 Rb8 8. b4 b6 9. b5 Na5 10. e4 Qc8 11. Nge2 h5 12. h3 Nb7 13. a4 Nd8 14. a5 Ne6 15. axb6 axb6 16. Ra6 Nf6 17. f4 h4 18. g4 Nd4 19. Nxd4 cxd4 20. Na4 Qd8 21. 0-0 Bc8 22. Ra7 Nd7 23. Qe2 e5 24. Bb4 Bf8 25. Qf2 Rh7 26. Qa2 Rb7 27. Ra8 f6 28. fxe5 fxe5 29. c5 Nxc5 30. Bxc5 bxc5 31. Nb6 Rxb6 32. Qg8 1-0

[Event "SCO-ch 122nd"]
[Site "Edinburgh"]
[Date "2015.07.11"]
[Round "1"]
[White "Kafka, Graeme"]
[Black "McNab, Colin Anderson"]
[Result "0-1"]
[WhiteElo "2042"]
[BlackElo "2443"]
[PlyCount "58"]
[EventDate "2015.07.11"]
[EventType "swiss"]
[EventRounds "9"]
[EventCountry "SCO"]
[SourceTitle "CBM 167 Extra"]
[Source "ChessBase"]
[SourceDate "2015.09.14"]
[SourceVersion "1"]
[SourceVersionDate "2015.09.14"]
[SourceQuality "1"]

1. e4 g6 2. d4 Bg7 3. Nc3 d6 4. Be3 Nf6 5. Qd2 c6 6. Bh6 Bxh6 7. Qxh6 Qa5 8. Bd3 c5 9. d5 Nbd7 10. Nf3 c4 11. Bxc4 Qc5 12. Bd3 Qxf2+ 13. Kxf2 Ng4+ 14. Kg3 Nxh6 15. Rhe1 0-0 16. e5 Nc5 17. exd6 exd6 18. Bf1 Bd7 19. Nd4 Rac8 20. Ncb5 Bxb5 21. Bxb5 a6 22. Bf1 Rfe8 23. Rad1 Re5 24. c4 Ne4+ 25. Kf3 Nd2+ 26. Kg3 Rxe1 27. Rxe1 Nxf1+ 28. Rxf1 Rxc4 29. Rd1 Rxd4 0-1

[Event "BCF-chT1c 1415 (4NCL) Promotion pool"]
[Site "England"]
[Date "2015.05.03"]
[Round "10.125"]
[White "McNab, Colin Anderson"]
[Black "Maze, Sebastien"]
[Result "1/2-1/2"]
[WhiteElo "2437"]
[BlackElo "2572"]
[PlyCount "137"]
[EventDate "2014.11.15"]
[EventType "team-tourn"]
[EventRounds "4"]
[EventCountry "ENG"]
[SourceTitle "EXT 2023"]
[Source "ChessBase"]
[SourceDate "2022.10.05"]
[SourceVersion "1"]
[SourceVersionDate "2022.10.05"]
[SourceQuality "1"]
[WhiteTeam "White Rose"]
[BlackTeam "Guildford"]
[WhiteTeamCountry "ENG"]
[BlackTeamCountry "ENG"]

1. c4 g6 2. g3 Bg7 3. Bg2 c5 4. Nf3 Nc6 5. Nc3 d6 6. 0-0 Bf5 7. a3 Qd7 8. Nd5 Nf6 9. d3 0-0 10. Bg5 Nxd5 11. cxd5 Ne5 12. Nxe5 Bxe5 13. Qd2 Rfe8 14. e4 Bh3 15. Bxh3 Qxh3 16. Be3 Bg7 17. d4 b6 18. Rac1 a5 19. dxc5 bxc5 20. b4 cxb4 21. axb4 a4 22. Bd4 Bxd4 23. Qxd4 Qd7 24. Rc6 Reb8 25. Qc4 a3 26. b5 Qd8 27. Qb3 Qa5 28. b6 Rb7 29. Ra1 Qd2 30. Qc3 Qxc3 31. Rxc3 Ra4 32. Raxa3 Rxa3 33. Rxa3 Rxb6 34. Ra7 Kf8 35. Kg2 Rb4 36. Kf3 f5 37. exf5 gxf5 38. Ke3 Re4+ 39. Kd3 Re5 40. Ra5 Kf7 41. f4 Re1 42. Ra2 h5 43. Rd2 Ke8 44. Ra2 Rd1+ 45. Kc4 Kf7 46. h4 Rg1 47. Ra3 Re1 48. Kd4 Re4+ 49. Kd3 Rb4 50. Kc3 Rb8 51. Kc4 Kf8 52. Ra7 Ke8 53. Ra3 Kf7 54. Ra7 Rb1 55. Ra3 Rd1 56. Ra8 Rg1 57. Ra3 Re1 58. Kd4 Re4+ 59. Kd3 e5 60. dxe6+ Kxe6 61. Ra8 Rb4 62. Kc3 Rb7 63. Kd4 Rg7 64. Rh8 Rxg3 65. Rh6+ Ke7 66. Rxh5 Ke6 67. Rh6+ Ke7 68. Rh7+ Ke6 69. Rh6+ 1/2-1/2

[Event "BCF-chT1a 1415 (4NCL)"]
[Site "England"]
[Date "2015.03.28"]
[Round "7.124"]
[White "McNab, Colin Anderson"]
[Black "Lawton, Geoffrey W"]
[Result "1/2-1/2"]
[WhiteElo "2426"]
[BlackElo "2389"]
[PlyCount "109"]
[EventDate "2014.11.15"]
[EventType "team-swiss"]
[EventRounds "11"]
[EventCountry "ENG"]
[SourceTitle "EXT 2016"]
[Source "ChessBase"]
[SourceDate "2015.10.08"]
[SourceVersion "1"]
[SourceVersionDate "2015.10.08"]
[SourceQuality "1"]
[WhiteTeam "White Rose"]
[BlackTeam "Warwicks Select"]
[WhiteTeamCountry "ENG"]
[BlackTeamCountry "ENG"]

1. c4 g6 2. g3 Bg7 3. Nf3 Nf6 4. d4 0-0 5. Bg2 d6 6. 0-0 c6 7. b3 Qa5 8. h3 e5 9. Bd2 Qc7 10. Nc3 e4 11. Ne1 d5 12. Rc1 Qd8 13. Nc2 Be6 14. cxd5 cxd5 15. Na4 b6 16. Kh2 Nc6 17. e3 Rc8 18. Nb4 Bd7 19. Qe2 Qe7 20. Na6 Rfd8 21. Nc3 Qa3 22. Rb1 Qe7 23. Nb5 Bf8 24. Rfc1 Be8 25. b4 h5 26. Nbc7 h4 27. Nxe8 hxg3+ 28. fxg3 Qxe8 29. Be1 Bd6 30. Kg1 Qe6 31. g4 Kg7 32. Rc2 Nb8 33. Rbc1 Rxc2 34. Rxc2 Nxa6 35. Qxa6 Bb8 36. Qb7 Ne8 37. Bf1 Nd6 38. Qa6 f5 39. g5 Nf7 40. Rg2 f4 41. Rg4 Qf5 42. exf4 Bxf4 43. Qe2 Nxg5 44. Bg2 Ne6 45. Bc3 Rc8 46. Bb2 Bd6 47. Bxe4 dxe4 48. d5+ Be5 49. dxe6 e3 50. Rg2 Bxb2 51. Qxb2+ Qf6 52. e7 Re8 53. Qxf6+ Kxf6 54. Kf1 Rxe7 55. Ke2 1/2-1/2

[Event "BCF-chT1a 1415 (4NCL)"]
[Site "England"]
[Date "2014.11.15"]
[Round "1.142"]
[White "McNab, Colin Anderson"]
[Black "Cooper, John Grantley"]
[Result "0-1"]
[WhiteElo "2425"]
[BlackElo "2334"]
[PlyCount "70"]
[EventDate "2014.11.15"]
[EventType "team-swiss"]
[EventRounds "11"]
[EventCountry "ENG"]
[SourceTitle "EXT 2015"]
[Source "ChessBase"]
[SourceDate "2014.11.20"]
[SourceVersion "1"]
[SourceVersionDate "2014.11.20"]
[SourceQuality "1"]
[WhiteTeam "White Rose"]
[BlackTeam "South Wales Dragons"]
[WhiteTeamCountry "ENG"]
[BlackTeamCountry "ENG"]

1. c4 e6 2. Nf3 d5 3. b3 c5 4. g3 Nc6 5. Bg2 Be7 6. Bb2 d4 7. e4 e5 8. d3 Bg4 9. h3 Be6 10. a3 h5 11. Nbd2 Nh6 12. h4 Ng4 13. Bc1 f6 14. Nf1 a6 15. N3h2 Qd7 16. Bf3 g6 17. Ra2 b5 18. Be2 Rb8 19. f3 Nh6 20. Nd2 f5 21. cxb5 axb5 22. Qc2 f4 23. gxf4 exf4 24. Kd1 0-0 25. Nhf1 Nf7 26. Rb2 Nfe5 27. Rh2 c4 28. bxc4 bxc4 29. Rxb8 Rxb8 30. Nxc4 Bxc4 31. dxc4 d3 32. Qd2 dxe2+ 33. Kxe2 Nd4+ 34. Kf2 Nexf3 35. Qxf4 Rf8 0-1